[Event "Criciuma op-B"]
[White "Cubas, Jose Fernando Pedro"]
[Black "Santos, Thiago Godinho"]
[Site "Criciuma"]
[Round "9"]
[Result "0-1"]
[Date "2024.01.18"]
[WhiteElo "1043"]
[BlackElo "1800"]
[PlyCount "72"]
[EventDate "2024.01.12"]
[EventType "swiss"]
[EventRounds "9"]
[EventCountry "BRA"]
[SourceTitle "CBM 218 Extra"]
[Source "ChessBase"]
[SourceDate "2024.03.31"]
[SourceVersion "1"]
[SourceVersionDate "2024.03.31"]
[SourceQuality "1"]

1. d4 f5 2. e3 Nf6 3. Bd3 e6 4. Nc3 Be7 5. Nf3 d5 6. Bd2 0-0 7. h4 Ne4 8. h5 Nd7 9. h6 g6 10. Ne5 Bh4 11. g3 Nxg3 12. fxg3 Bxg3+ 13. Kf1 Nxe5 14. dxe5 Bxe5 15. Qe2 c5 16. Qg2 Bd7 17. Be2 Bc6 18. Bf3 Qd6 19. Rh4 Kh8 20. Rh1 Rf7 21. Rd1 Rd8 22. Ne2 Bb5 23. b3 f4 24. exf4 Bxf4 25. c4 Bxd2 26. Rxd2 Rxf3+ 27. Ke1 Bc6 28. Ng3 Qe5+ 29. Ne2 Qa1+ 30. Rd1 Qxa2 31. Qh2 Qa5+ 32. Rd2 Qa1+ 33. Rd1 Qf6 34. Qc7 d4 35. Kd2 d3 36. Rhf1 Qb2+ 0-1

[Event "Criciuma op-B"]
[White "Santos, Thiago Godinho"]
[Black "Heerdt, Ivanio Jr"]
[Site "Criciuma"]
[Round "8"]
[Result "0-1"]
[Date "2024.01.17"]
[WhiteElo "1800"]
[BlackElo "1800"]
[PlyCount "78"]
[EventDate "2024.01.12"]
[EventType "swiss"]
[EventRounds "9"]
[EventCountry "BRA"]
[SourceTitle "CBM 218 Extra"]
[Source "ChessBase"]
[SourceDate "2024.03.31"]
[SourceVersion "1"]
[SourceVersionDate "2024.03.31"]
[SourceQuality "1"]

1. d4 d5 2. Nf3 Nf6 3. g3 e6 4. Bg5 Be7 5. Nbd2 0-0 6. Bg2 Nbd7 7. 0-0 h6 8. Bxf6 Bxf6 9. Re1 c5 10. c3 Qb6 11. Qa4 Nb8 12. dxc5 Qxb2 13. Rec1 Bd7 14. Qc2 Qxc2 15. Rxc2 Rc8 16. Nb3 Na6 17. Nfd2 Nxc5 18. e4 Nxb3 19. axb3 d4 20. c4 d3 21. Rca2 Bxa1 22. Rxa1 Bc6 23. b4 a6 24. Ra3 Rd8 25. f3 b5 26. c5 Rd4 27. Bf1 Rxb4 28. Rxd3 a5 29. Rd6 Be8 30. e5 a4 31. Rb6 a3 32. Bc4 Rxc4 33. Nxc4 bxc4 34. Rb1 a2 35. Ra1 Bc6 36. Kf2 Bd5 37. Ke2 c3 38. Kd1 Rc8 39. Kc2 Rxc5 0-1

[Event "Criciuma op-B"]
[White "Cardoso, Maria Julia Pereira"]
[Black "Santos, Thiago Godinho"]
[Site "Criciuma"]
[Round "6"]
[Result "0-1"]
[Date "2024.01.16"]
[WhiteElo "1800"]
[BlackElo "1800"]
[PlyCount "51"]
[EventDate "2024.01.12"]
[EventType "swiss"]
[EventRounds "9"]
[EventCountry "BRA"]
[SourceTitle "CBM 218 Extra"]
[Source "ChessBase"]
[SourceDate "2024.03.31"]
[SourceVersion "1"]
[SourceVersionDate "2024.03.31"]
[SourceQuality "1"]

1. e4 c5 2. Nc3 Nc6 3. Nf3 Nf6 4. Bc4 e6 5. d3 Be7 6. Be3 d5 7. exd5 exd5 8. Bb3 d4 9. Bd2 dxc3 10. Bxc3 Nd4 11. Nxd4 cxd4 12. Bd2 0-0 13. 0-0 Bd7 14. h3 Bc6 15. c3 Bc5 16. Re1 Qd6 17. Rb1 Rae8 18. Rxe8 Rxe8 19. Qf1 Qe5 20. Re1 Qf5 21. Rc1 Nh5 22. Be1 Nf4 23. Rc2 Bxg2 24. Qxg2 Rxe1+ 25. Kh2 Nxg2 26. Kxg2 0-1

[Event "Criciuma op-B"]
[White "Fabre, Lucas Mendes"]
[Black "Santos, Thiago Godinho"]
[Site "Criciuma"]
[Round "4"]
[Result "1-0"]
[Date "2024.01.14"]
[WhiteElo "1800"]
[BlackElo "1800"]
[PlyCount "55"]
[EventDate "2024.01.12"]
[EventType "swiss"]
[EventRounds "9"]
[EventCountry "BRA"]
[SourceTitle "CBM 218 Extra"]
[Source "ChessBase"]
[SourceDate "2024.03.31"]
[SourceVersion "1"]
[SourceVersionDate "2024.03.31"]
[SourceQuality "1"]

1. e4 c5 2. Nf3 Nc6 3. d4 cxd4 4. Nxd4 e6 5. a3 a6 6. Bc4 b5 7. Nxc6 Qc7 8. Bxe6 dxe6 9. Nd4 Bb7 10. 0-0 Bxe4 11. c3 Bd6 12. h3 Nf6 13. Re1 Bd5 14. Bg5 h6 15. Bxf6 gxf6 16. Nxb5 axb5 17. Qxd5 Rb8 18. Qd4 Ke7 19. Qh4 Rbg8 20. Nd2 Qc6 21. Ne4 Rg6 22. Ng3 Bc5 23. Re2 Rhg8 24. Kh1 Qb7 25. Rd1 Rc8 26. Red2 Rc7 27. Qe4 Qa7 28. Nf5+ 1-0

[Event "Criciuma op-B"]
[White "Zarth, Fernando Henrique F"]
[Black "Santos, Thiago Godinho"]
[Site "Criciuma"]
[Round "2"]
[Result "1-0"]
[Date "2024.01.13"]
[WhiteElo "1181"]
[BlackElo "1800"]
[PlyCount "119"]
[EventDate "2024.01.12"]
[EventType "swiss"]
[EventRounds "9"]
[EventCountry "BRA"]
[SourceTitle "CBM 218 Extra"]
[Source "ChessBase"]
[SourceDate "2024.03.31"]
[SourceVersion "1"]
[SourceVersionDate "2024.03.31"]
[SourceQuality "1"]

1. e4 c5 2. Nf3 g6 3. d4 e6 4. Nc3 Bg7 5. Be3 cxd4 6. Nxd4 Ne7 7. Qd2 Nbc6 8. 0-0-0 Nxd4 9. Bxd4 Bxd4 10. Qxd4 0-0 11. h4 Nc6 12. Qe3 Qf6 13. Be2 Rd8 14. h5 d5 15. exd5 exd5 16. Rxd5 Be6 17. Rxd8+ Rxd8 18. hxg6 fxg6 19. Rd1 Rxd1+ 20. Bxd1 Bf7 21. Bf3 Kg7 22. a3 a6 23. Bxc6 Qxc6 24. Qe5+ Kg8 25. Ne4 Qe6 26. Nf6+ Kg7 27. Ne8+ Kf8 28. Qxe6 Bxe6 29. Nd6 Bd5 30. g3 Ke7 31. Nc8+ Kd7 32. Nb6+ Kc6 33. Nxd5 Kxd5 34. Kd2 h5 35. Ke3 g5 36. f4 Ke6 37. fxg5 Kf5 38. g6 Kxg6 39. Kf4 Kf6 40. c4 a5 41. b4 axb4 42. axb4 b6 43. c5 b5 44. c6 Ke6 45. c7 Kd7 46. Kg5 Kxc7 47. Kxh5 Kd6 48. g4 Kd5 49. g5 Kc4 50. g6 Kxb4 51. g7 Ka3 52. g8Q b4 53. Qf8 Kb3 54. Qf7+ Kb2 55. Qf6+ Kc2 56. Qf5+ Kb2 57. Qe5+ Kb3 58. Qa1 Kc2 59. Qa2+ Kc3 60. Qb1 1-0